[Event "XXXVII Olimpiadi femminile"]
[Site "Torino ITA"]
[Date "2006.05.24"]
[Round "4.3"]
[White "Dedijer, Sanja"]
[Black "Pham, Bich Ngoc"]
[Result "0-1"]
[WhiteElo "2068"]
[BlackElo "2080"]
[Annotator "BIH-VIE"]
[PlyCount "54"]
[EventDate "2006.05.21"]

1. d4 d5 2. Nf3 Nf6 3. g3 e6 4. Bg2 c5 5. c4 dxc4 6. O-O Nc6 7. Qa4 cxd4 8.
Nxd4 Qxd4 9. Bxc6+ Bd7 10. Bxd7+ Qxd7 11. Qxc4 Rc8 12. Qb3 Bc5 13. Nc3 h6 14.
Na4 O-O 15. Rd1 Qe7 16. Nxc5 Rxc5 17. Be3 Rc6 18. Bxa7 b6 19. Qb5 Qb7 20. Rd3
Rfc8 21. Rad1 Qxa7 22. Rd8+ Kh7 23. Qd3+ g6 24. Qf3 Qe7 25. R8d4 Rc1 26. e4 e5
27. Rd6 Qxd6 0-1

[Event "XXXVII Olimpiadi femminile"]
[Site "Torino ITA"]
[Date "2006.05.24"]
[Round "4.1"]
[White "Lomibao, Sheerie Joy"]
[Black "Aketayeva, Dana"]
[Result "0-1"]
[WhiteElo "2163"]
[BlackElo "2328"]
[Annotator "PHI-KAZ"]
[PlyCount "80"]
[EventDate "2006.05.21"]

1. d4 Nf6 2. Nf3 e6 3. Bf4 b6 4. e3 Bb7 5. h3 Be7 6. Bd3 c5 7. Nbd2 Nc6 8. c3
d6 9. O-O O-O 10. Qe2 Qc7 11. Rac1 Rfe8 12. e4 e5 13. Bg5 h6 14. Bh4 Nh5 15. d5
Nf4 16. Qe3 Nb8 17. Bg3 Ng6 18. h4 Nd7 19. h5 Ngf8 20. Ne1 Bg5 21. f4 exf4 22.
Bxf4 Bxf4 23. Qxf4 Ne5 24. Be2 Nh7 25. Nef3 Nxf3+ 26. Bxf3 Ng5 27. Rf2 Ba6 28.
c4 Re5 29. Nf1 Rae8 30. Ng3 Bc8 31. Rcf1 R8e7 32. Kh2 Qd8 33. Qd2 Qe8 34. b4
Qa4 35. Rb1 Rc7 36. Qc3 cxb4 37. Rxb4 Qd7 38. Nf5 Qd8 39. Ng3 Nh7 40. Rb3 Qh4+
0-1

[Event "XXXVII Olimpiadi femminile"]
[Site "Torino ITA"]
[Date "2006.05.24"]
[Round "4.3"]
[White "Mendoza, Beverly"]
[Black "Dauletova, Gulmira"]
[Result "0-1"]
[WhiteElo "2132"]
[BlackElo "2144"]
[Annotator "PHI-KAZ"]
[PlyCount "64"]
[EventDate "2006.05.21"]

1. e4 c5 2. Nc3 Nc6 3. g3 g6 4. Bg2 Bg7 5. d3 e6 6. Be3 d6 7. Qd2 Rb8 8. Nge2
Nd4 9. Bxd4 cxd4 10. Nb5 Qb6 11. Qb4 Ke7 12. Qb3 Bd7 13. Na3 Qa5+ 14. c3 dxc3
15. Nxc3 b5 16. O-O Nf6 17. Qd1 Rhc8 18. Ne2 Nxe4 19. dxe4 Bxb2 20. Nc2 Bxa1
21. Nxa1 Qxa2 22. f4 b4 23. Nd4 Ba4 24. Qg4 Qd2 25. Qh4+ Ke8 26. Qf6 Rc1 27.
Nxe6 Qe3+ 28. Kh1 Rxf1+ 29. Bxf1 Qxe4+ 30. Kg1 Qe3+ 31. Kg2 Bc6+ 32. Kh3 Qxe6+
0-1

[Event "XXXVII Olimpiadi femminile"]
[Site "Torino ITA"]
[Date "2006.05.24"]
[Round "4.1"]
[White "Pina Vega, Sulennis"]
[Black "Sekulovska, Vesna"]
[Result "1-0"]
[WhiteElo "2334"]
[BlackElo "2139"]
[Annotator "CUB-MKD"]
[PlyCount "69"]
[EventDate "2006.05.21"]

1. e4 e5 2. Nf3 Nc6 3. Bb5 Nf6 4. O-O Bc5 5. Nxe5 Nxe5 6. d4 a6 7. Be2 Be7 8.
dxe5 Nxe4 9. Be3 d5 10. f3 Nc5 11. f4 Ne4 12. Nd2 Bc5 13. Bxc5 Nxc5 14. b4 Na4
15. Bd3 Nb2 16. Qf3 Nxd3 17. cxd3 c6 18. Kh1 g6 19. Nb3 Qe7 20. a3 h5 21. Qe3
O-O 22. Nd4 Re8 23. Rae1 f5 24. Nb3 Be6 25. Rc1 Kh7 26. Qc5 Rab8 27. Qxe7+ Rxe7
28. Nd4 Ra8 29. Kg1 Kh6 30. h4 Bd7 31. Rc3 Kg7 32. Rfc1 a5 33. b5 cxb5 34. Rc7
Kf7 35. Rxd7 1-0

[Event "XXXVII Olimpiadi femminile"]
[Site "Torino ITA"]
[Date "2006.05.24"]
[Round "4.2"]
[White "Kizova, Aleksandra"]
[Black "Perez Rodriguez, Jennifer"]
[Result "1/2-1/2"]
[WhiteElo "2011"]
[BlackElo "2263"]
[Annotator "CUB-MKD"]
[PlyCount "69"]
[EventDate "2006.05.21"]

1. d4 d5 2. c4 c6 3. cxd5 cxd5 4. Bf4 Nc6 5. Nc3 Nf6 6. e3 a6 7. Bd3 Qb6 8.
Nge2 e6 9. O-O Be7 10. Na4 Qd8 11. Rc1 Nh5 12. Nc5 Nxf4 13. Nxf4 Bxc5 14. Rxc5
O-O 15. Bb1 Bd7 16. Qc2 g6 17. Rc1 Rc8 18. g3 b6 19. Rc3 Na5 20. h4 Rxc3 21.
Qxc3 Qe7 22. Nd3 Rc8 23. Qe1 Rxc1 24. Qxc1 Bb5 25. Qc3 Nc4 26. Bc2 a5 27. a4
Ba6 28. b4 axb4 29. Nxb4 Qb7 30. Nxa6 Qxa6 31. Qb4 Qa5 32. Qxa5 bxa5 33. Kf1
Kf8 34. Ke2 Ke7 35. Bb3 1/2-1/2

[Event "XXXVII Olimpiadi femminile"]
[Site "Torino ITA"]
[Date "2006.05.24"]
[Round "4.3"]
[White "Arribas Robaina, Maritza"]
[Black "Jonoska, Katerina"]
[Result "1/2-1/2"]
[WhiteElo "2235"]
[BlackElo "2051"]
[Annotator "CUB-MKD"]
[PlyCount "69"]
[EventDate "2006.05.21"]

1. e4 e5 2. Nf3 Nc6 3. Bb5 a6 4. Ba4 Nf6 5. O-O Be7 6. d3 d6 7. h3 b5 8. Bb3
Na5 9. Bg5 Nxb3 10. axb3 O-O 11. Nc3 Bb7 12. Re1 c5 13. Ne2 Nh5 14. Bd2 f5 15.
Nc3 Qe8 16. Nd5 fxe4 17. dxe4 Bxd5 18. exd5 Nf4 19. Bxf4 Rxf4 20. Qd3 c4 21.
bxc4 bxc4 22. Qe2 Qb5 23. g3 Rf7 24. Qe4 Qxb2 25. Rab1 Qa3 26. Re3 Qa2 27. Rb4
Rc8 28. Qg4 Rcf8 29. Rxc4 Rxf3 30. Rxf3 Rxf3 31. Rc8+ Rf8 32. Qe6+ Kh8 33.
Rxf8+ Bxf8 34. Qe8 Kg8 35. Qe6+ 1/2-1/2

[Event "XXXVII Olimpiadi femminile"]
[Site "Torino ITA"]
[Date "2006.05.24"]
[Round "4.1"]
[White "Munguntuul, Batkhuyag"]
[Black "Leite, Catarina"]
[Result "1-0"]
[WhiteElo "2378"]
[BlackElo "2218"]
[Annotator "MGL-POR"]
[PlyCount "87"]
[EventDate "2006.05.21"]

1. e4 e5 2. Nf3 Nc6 3. Bb5 a6 4. Ba4 Nf6 5. O-O b5 6. Bb3 Bc5 7. c3 d6 8. a4
Rb8 9. d4 Bb6 10. Re1 Bg4 11. axb5 axb5 12. Bd5 Ne7 13. h3 Bxf3 14. Qxf3 exd4
15. Bg5 Nfxd5 16. exd5 f6 17. Bh4 O-O 18. Na3 Qd7 19. Bg3 Ng6 20. Kh1 dxc3 21.
bxc3 Bc5 22. Nc2 Ne5 23. Qe2 Rfe8 24. f4 Nc4 25. Qd3 f5 26. Bh2 Nb2 27. Qf3
Rxe1+ 28. Rxe1 Re8 29. Re2 Qf7 30. Bg1 h6 31. Bxc5 dxc5 32. Na3 Na4 33. Nxb5
Rxe2 34. Qxe2 Qxd5 35. Nxc7 Qc6 36. Qc4+ Kf8 37. Ne6+ Ke7 38. Nxg7 Kf6 39. Qg8
Qe4 40. Qf8+ Kg6 41. Ne8 Qe6 42. Qg7+ Kh5 43. Nf6+ Kh4 44. Kh2 1-0

[Event "XXXVII Olimpiadi femminile"]
[Site "Torino ITA"]
[Date "2006.05.24"]
[Round "4.2"]
[White "Coimbra, Margarida"]
[Black "Yanjindulam, Dulamsuren"]
[Result "0-1"]
[WhiteElo "2070"]
[BlackElo "2162"]
[Annotator "MGL-POR"]
[PlyCount "102"]
[EventDate "2006.05.21"]

1. e4 c5 2. Nc3 Nc6 3. g3 g6 4. d3 d6 5. Be3 Bg7 6. Qd2 Nd4 7. Nd1 e6 8. c3 Nc6
9. Bg2 Rb8 10. Ne2 b5 11. O-O Bd7 12. d4 cxd4 13. cxd4 Na5 14. b3 Ne7 15. Bh6
O-O 16. Bxg7 Kxg7 17. Ne3 Qb6 18. Rac1 Rbc8 19. Rxc8 Rxc8 20. Rc1 Rxc1+ 21.
Qxc1 Nac6 22. Qc3 e5 23. d5 Nd8 24. b4 Nc8 25. Nc1 Nb7 26. Nb3 Qd8 27. Nd2 Nb6
28. Bf1 Na4 29. Qc2 Qb6 30. Nb3 a6 31. Bd3 Qd8 32. Nd1 Nb6 33. Ne3 Nc8 34. Qc3
Qb6 35. Kg2 Ne7 36. Qc2 Bc8 37. a3 Qd8 38. f3 Qd7 39. Kg1 Qd8 40. Bf1 Qb6 41.
Qc3 Kg8 42. Kg2 f5 43. Be2 Qd8 44. Bd3 Qd7 45. Kg1 h5 46. Qc2 Nd8 47. Nd2 Qa7
48. Ndf1 f4 49. gxf4 exf4 50. Kf2 fxe3+ 51. Nxe3 Nf7 0-1

[Event "XXXVII Olimpiadi femminile"]
[Site "Torino ITA"]
[Date "2006.05.24"]
[Round "4.3"]
[White "Bayaraa, Zorigt"]
[Black "Baptista, Ana Filipa"]
[Result "1-0"]
[WhiteElo "2102"]
[BlackElo "2030"]
[Annotator "MGL-POR"]
[PlyCount "93"]
[EventDate "2006.05.21"]

1. e4 e5 2. Nf3 Nc6 3. Bc4 Bc5 4. c3 Nf6 5. d3 d6 6. O-O Bg4 7. h3 Be6 8. Nbd2
O-O 9. Re1 Bxc4 10. Nxc4 b5 11. Ncd2 b4 12. Nc4 bxc3 13. bxc3 d5 14. exd5 Nxd5
15. Ncxe5 Nxe5 16. Rxe5 Nxc3 17. Qe1 Nd5 18. Qa5 f6 19. Rh5 g6 20. Rxd5 Qxd5
21. d4 g5 22. dxc5 Rf7 23. Be3 c6 24. Qa4 h5 25. Rd1 Qe6 26. Rd6 Qf5 27. Qxc6
Rc8 28. Qa6 Rb8 29. Qd3 Rb1+ 30. Kh2 Qxd3 31. Rxd3 h4 32. Nd4 Ra1 33. c6 Rxa2
34. Ne6 Rc2 35. Rd8+ Kh7 36. c7 Rcxc7 37. Nxc7 Rxc7 38. Ra8 Kg6 39. Rxa7 Rf7
40. Rxf7 Kxf7 41. Kg1 Kg6 42. Bb6 Kf5 43. Bd8 Kg6 44. Kf1 f5 45. Ke2 Kh5 46.
Ke3 Kg6 47. Kd4 1-0

[Event "XXXVII Olimpiadi femminile"]
[Site "Torino ITA"]
[Date "2006.05.24"]
[Round "4.1"]
[White "Medic, Mirjana"]
[Black "Sukandar, Irine Kharisma"]
[Result "1/2-1/2"]
[WhiteElo "2239"]
[BlackElo "2213"]
[Annotator "CRO-INA"]
[PlyCount "72"]
[EventDate "2006.05.21"]

1. d4 d5 2. Nf3 Nf6 3. e3 e6 4. Bd3 Bd6 5. b3 Nbd7 6. Bb2 c5 7. O-O O-O 8. c4
b6 9. Nc3 Bb7 10. Rc1 Re8 11. cxd5 exd5 12. dxc5 bxc5 13. Re1 Ne5 14. Nxe5 Bxe5
15. f4 Bxc3 16. Rxc3 d4 17. Rxc5 dxe3 18. Re5 Rxe5 19. fxe5 Qd5 20. Bf1 Rd8 21.
Qxd5 Nxd5 22. Bd4 Re8 23. Bc4 Nf4 24. g3 Nh3+ 25. Kf1 Ng5 26. Bxe3 Nf3 27. Re2
a6 28. Bc5 Rxe5 29. Rxe5 Nxe5 30. Be2 Nf3 31. h3 Nd2+ 32. Ke1 Ne4 33. Bf2 Nc3
34. a3 Nxe2 35. Kxe2 Kf8 36. Kd3 Ke7 1/2-1/2

[Event "XXXVII Olimpiadi femminile"]
[Site "Torino ITA"]
[Date "2006.05.24"]
[Round "4.2"]
[White "Lindiawati, Evi"]
[Black "Stock, Lara"]
[Result "1/2-1/2"]
[WhiteElo "2145"]
[BlackElo "2200"]
[Annotator "CRO-INA"]
[PlyCount "104"]
[EventDate "2006.05.21"]

1. e4 c5 2. Nf3 d6 3. d4 cxd4 4. Nxd4 Nf6 5. Nc3 a6 6. Be2 e6 7. O-O Be7 8. a4
Nc6 9. Be3 O-O 10. Nxc6 bxc6 11. a5 Qc7 12. f4 c5 13. f5 exf5 14. exf5 Bb7 15.
Bf4 Qd8 16. Qd3 Re8 17. Rfd1 d5 18. Bf3 c4 19. Qf1 Qd7 20. g4 Bc5+ 21. Kh1 d4
22. Qg2 Bxf3 23. Qxf3 h5 24. h3 Rad8 25. Bg5 Qd6 26. gxh5 Qe5 27. Bxf6 Qxf6 28.
Ne4 Qc6 29. Ng5 Qxf3+ 30. Nxf3 d3 31. cxd3 cxd3 32. Rac1 Rd5 33. Rc4 Re3 34.
Nd2 Rxf5 35. b4 Be7 36. Ne4 Rxh5 37. Nf2 Re2 38. Nxd3 Rxh3+ 39. Kg1 Reh2 40.
Nf2 Rh4 41. Rdd4 Rxd4 42. Rxd4 Rh4 43. Rxh4 Bxh4 44. Nd3 Be7 45. Kg2 Bd8 46.
Nc5 Kf8 47. Nxa6 Ke7 48. Nc5 Bc7 49. Na6 Bd8 50. Nc5 Bc7 51. Na6 Bd8 52. Nc5
Bc7 1/2-1/2

[Event "XXXVII Olimpiadi femminile"]
[Site "Torino ITA"]
[Date "2006.05.24"]
[Round "4.1"]
[White "Lujan, Carolina Maria"]
[Black "Khoudgarian, Natalia"]
[Result "1-0"]
[WhiteElo "2378"]
[BlackElo "2123"]
[Annotator "ARG-CAN"]
[PlyCount "65"]
[EventDate "2006.05.21"]

1. e4 e6 2. d3 d5 3. Qe2 Be7 4. Nf3 Nf6 5. g3 O-O 6. Bg2 b5 7. e5 Nfd7 8. h4 b4
9. Bf4 c5 10. Nbd2 Nc6 11. c4 bxc3 12. bxc3 Ba6 13. c4 Nb6 14. O-O Qd7 15. a4
Na5 16. Ng5 h6 17. Nh3 Rad8 18. Qg4 Kh8 19. Qh5 Bb7 20. Bxh6 gxh6 21. Qxh6+ Kg8
22. Nf4 f5 23. Qg6+ Kh8 24. Nxe6 Bxh4 25. Nxf8 Rxf8 26. Qh6+ Kg8 27. Qxh4 Rf7
28. Rfe1 Rh7 29. e6 Qe7 30. Qf4 dxc4 31. dxc4 Bxg2 32. Kxg2 Qb7+ 33. f3 1-0

[Event "XXXVII Olimpiadi femminile"]
[Site "Torino ITA"]
[Date "2006.05.24"]
[Round "4.2"]
[White "Starr, Nava"]
[Black "Zuriel, Marisa"]
[Result "1/2-1/2"]
[WhiteElo "2169"]
[BlackElo "2214"]
[Annotator "ARG-CAN"]
[PlyCount "100"]
[EventDate "2006.05.21"]

1. e4 c5 2. c3 d5 3. exd5 Qxd5 4. d4 Nf6 5. Nf3 Bg4 6. Be2 e6 7. Be3 cxd4 8.
cxd4 Nc6 9. Nc3 Qd6 10. O-O Be7 11. Qb3 O-O 12. a3 Rfd8 13. Rfd1 Rab8 14. Rac1
Nd5 15. Nxd5 Qxd5 16. Qxd5 Rxd5 17. h3 Bh5 18. g4 Bg6 19. Ne5 Nxe5 20. dxe5 a6
21. Rxd5 exd5 22. Rc7 Bd8 23. Rd7 Kf8 24. Rxd5 Be4 25. Rd2 Bc6 26. Bc5+ Be7 27.
Bxe7+ Kxe7 28. f4 f6 29. exf6+ Kxf6 30. Bxa6 h5 31. Bf1 hxg4 32. hxg4 g5 33.
fxg5+ Kxg5 34. Be2 Kf4 35. Kf2 Rh8 36. Rd4+ Ke5 37. Rc4 Rh2+ 38. Ke1 Bd5 39.
Rc3 Rh1+ 40. Kd2 Rb1 41. Kc2 Rg1 42. Kd2 Rb1 43. b4 Rg1 44. Rc5 Kd4 45. Rc8 Ra1
46. Rd8 Ra2+ 47. Ke1 Rxa3 48. Kf2 Ra2 49. g5 Ke5 50. g6 Bc4 1/2-1/2

[Event "XXXVII Olimpiadi femminile"]
[Site "Torino ITA"]
[Date "2006.05.24"]
[Round "4.3"]
[White "Burijovich, Liliana"]
[Black "Khaziyeva, Dinara"]
[Result "1-0"]
[WhiteElo "2204"]
[BlackElo "2103"]
[Annotator "ARG-CAN"]
[PlyCount "65"]
[EventDate "2006.05.21"]

1. e4 c6 2. d4 d5 3. Nd2 dxe4 4. Nxe4 Nf6 5. Nxf6+ gxf6 6. Be3 Bf5 7. Ne2 e6 8.
Ng3 Bg6 9. h4 h5 10. Be2 Bd6 11. c3 Bxg3 12. fxg3 f5 13. Bg5 f6 14. Bf4 Qe7 15.
O-O Nd7 16. Qb3 O-O-O 17. Qa4 e5 18. dxe5 Qc5+ 19. Kh2 fxe5 20. Bg5 Rde8 21.
Rad1 Rhf8 22. b4 Qb6 23. Rd6 Bf7 24. Rxf5 Bd5 25. Qc2 Rxf5 26. Qxf5 Qc7 27. Qg6
Rf8 28. c4 Be4 29. Qe6 Bf5 30. Qe7 Rh8 31. c5 b6 32. b5 Nb8 33. Qf6 1-0

[Event "XXXVII Olimpiadi femminile"]
[Site "Torino ITA"]
[Date "2006.05.24"]
[Round "4.1"]
[White "Hagesaether, Ellen"]
[Black "Zepeda Cortez, Lorena Marisela"]
[Result "0-1"]
[WhiteElo "2226"]
[BlackElo "2122"]
[Annotator "NOR-ESA"]
[PlyCount "122"]
[EventDate "2006.05.21"]

1. Nf3 c5 2. g3 g6 3. Bg2 Bg7 4. d3 Nc6 5. e4 e5 6. O-O Nge7 7. c3 O-O 8. a3 a5
9. a4 d6 10. Na3 h6 11. Nb5 Be6 12. Re1 Qd7 13. Nd2 f5 14. Nc4 Bxc4 15. dxc4
Rad8 16. exf5 gxf5 17. Qh5 Qe6 18. Nc7 Qf7 19. Qxf7+ Rxf7 20. Rd1 Rf6 21. f4
exf4 22. Bxf4 Ng6 23. Bd5+ Kh7 24. Ne6 Re8 25. Re1 Nce5 26. Nc7 Rc8 27. Nb5
Nxf4 28. gxf4 Rg6+ 29. Kf1 Nd3 30. Re7 Nxf4 31. Bxb7 Rg8 32. Rd1 Kh8 33. Nxd6
Bf6 34. Nf7+ Kg7 35. Red7 Kf8 36. Ke1 Rg1+ 37. Kd2 Rxd1+ 38. Kxd1 Rg7 39. Bd5
Nxd5 40. Rxd5 Kxf7 41. Rxc5 Rg1+ 42. Ke2 Kg6 43. b4 Bxc3 44. bxa5 Ra1 45. Rc6+
Kg5 46. Kf3 Bxa5 47. h4+ Kxh4 48. Rc5 Ra3+ 49. Kf4 Rxa4 50. Kxf5 Bd2 51. Rd5
Ra5 52. c5 Be3 53. Kg6 Ra6+ 54. Kf5 Rc6 55. Ke4 Bxc5 56. Kf3 Rf6+ 57. Kg2 Rf2+
58. Kh1 Be3 59. Rd3 Rf3 60. Kg2 Rg3+ 61. Kf1 h5 0-1

[Event "XXXVII Olimpiadi femminile"]
[Site "Torino ITA"]
[Date "2006.05.24"]
[Round "4.2"]
[White "Castaneda, Ada"]
[Black "Berntsen, Sheila Barth"]
[Result "1-0"]
[WhiteElo "2017"]
[BlackElo "2159"]
[Annotator "NOR-ESA"]
[PlyCount "63"]
[EventDate "2006.05.21"]

1. e4 e5 2. Nf3 Nc6 3. Bc4 Nf6 4. Qe2 Be7 5. c3 O-O 6. Bb3 d6 7. d3 Nd7 8. h3
Kh8 9. g4 Nc5 10. Bc2 a5 11. a4 d5 12. Nbd2 Be6 13. Rb1 Qd7 14. O-O dxe4 15.
dxe4 h5 16. Nh2 Kg8 17. Rd1 hxg4 18. hxg4 Qc8 19. Ndf1 Nb3 20. Be3 Nc5 21. Ng3
g6 22. Qf3 Kg7 23. Nf5+ gxf5 24. gxf5 Rg8 25. Kh1 Kf8 26. Rg1 f6 27. fxe6 Qxe6
28. b4 axb4 29. cxb4 Rxg1+ 30. Rxg1 Nd7 31. Bb3 Qxb3 32. Bh6+ 1-0

[Event "XXXVII Olimpiadi femminile"]
[Site "Torino ITA"]
[Date "2006.05.24"]
[Round "4.3"]
[White "Bjerke, Silje"]
[Black "Zepeda Cortez, Sonia Guadalupe"]
[Result "1/2-1/2"]
[WhiteElo "2161"]
[BlackElo "2036"]
[Annotator "NOR-ESA"]
[PlyCount "78"]
[EventDate "2006.05.21"]

1. d4 d5 2. c4 e6 3. Nf3 c6 4. Nc3 dxc4 5. a4 Bb4 6. e3 b5 7. Bd2 a5 8. axb5
Bxc3 9. Bxc3 cxb5 10. b3 Bb7 11. bxc4 b4 12. Bb2 Nf6 13. Bd3 O-O 14. O-O Nbd7
15. Re1 Qc7 16. c5 Bc6 17. e4 a4 18. e5 Nd5 19. Ng5 g6 20. Bc1 h6 21. Nxe6 fxe6
22. Qg4 Rf7 23. Qxg6+ Rg7 24. Qxe6+ Kh8 25. Qxh6+ Kg8 26. Qe6+ Kh8 27. Re4 Nf8
28. Rh4+ Nh7 29. Rxh7+ Rxh7 30. Bxh7 Kxh7 31. h4 a3 32. h5 Nc3 33. Qg6+ Kh8 34.
Bg5 Nd5 35. Bf6+ Nxf6 36. Qxf6+ Kh7 37. Qg6+ Kh8 38. Qf6+ Kh7 39. Qg6+ Kh8
1/2-1/2

[Event "XXXVII Olimpiadi femminile"]
[Site "Torino ITA"]
[Date "2006.05.24"]
[Round "4.1"]
[White "Sabirova, Sofia"]
[Black "Sanchez Castillo, Sarai"]
[Result "0-1"]
[WhiteElo "2143"]
[BlackElo "2176"]
[Annotator "KGZ-VEN"]
[PlyCount "86"]
[EventDate "2006.05.21"]

1. d4 d5 2. Nf3 Nf6 3. c4 c6 4. cxd5 cxd5 5. Nc3 Nc6 6. Bf4 e6 7. e3 a6 8. Rc1
Be7 9. Bd3 O-O 10. O-O Bd7 11. Ne5 Rc8 12. Bb1 Na5 13. Bg5 Bb5 14. Nxb5 Rxc1
15. Qxc1 axb5 16. Qc2 g6 17. b3 Kg7 18. Rc1 Ng8 19. Bxe7 Nxe7 20. Qc5 Nac6 21.
Qxb5 Nxe5 22. dxe5 Qb8 23. Qd7 Nc6 24. Qd6 Nxe5 25. Qxb8 Rxb8 26. Rc7 Kf8 27.
h3 Ke8 28. f4 Kd8 29. Rc3 Nc6 30. a3 Rc8 31. Kf2 Kd7 32. Ke2 f6 33. b4 Kd6 34.
Kd2 Rf8 35. Ba2 Ra8 36. Rd3 Nxb4 37. axb4 Rxa2+ 38. Kc3 Rxg2 39. e4 Rf2 40.
exd5 exd5 41. Rd4 Rf3+ 42. Kd2 Rxh3 43. Ke2 Rc3 0-1

[Event "XXXVII Olimpiadi femminile"]
[Site "Torino ITA"]
[Date "2006.05.24"]
[Round "4.2"]
[White "Dymshits, Galina"]
[Black "Hallaeva, Bahar"]
[Result "0-1"]
[WhiteElo "2048"]
[BlackElo "2135"]
[Annotator "TKM-IPCA"]
[PlyCount "82"]
[EventDate "2006.05.21"]

1. e4 e5 2. Nf3 Nc6 3. Bb5 a6 4. Bxc6 dxc6 5. O-O Bd6 6. d4 exd4 7. Qxd4 f6 8.
Re1 Ne7 9. e5 fxe5 10. Nxe5 O-O 11. Bg5 Be6 12. Nc3 Rf5 13. Bxe7 Qxe7 14. Nf3
Qf7 15. Ne4 Bd5 16. b3 b5 17. c4 c5 18. Qd3 bxc4 19. bxc4 Bxc4 20. Nxd6 cxd6
21. Qxd6 Rd5 22. Qc6 Rf8 23. Re3 Rf5 24. Rc1 Bb5 25. Qe6 Qxe6 26. Rxe6 Re8 27.
Rxe8+ Bxe8 28. Nd2 Re5 29. f4 Re2 30. Rc2 Bb5 31. Rb2 Kf7 32. a4 Bxa4 33. Rb7+
Re7 34. Rb6 Bb5 35. Nf3 Re8 36. Ne5+ Kg8 37. Rb7 Rc8 38. Kf2 c4 39. Ke1 c3 40.
Kd1 Ba4+ 41. Kc1 Rd8 0-1

[Event "XXXVII Olimpiadi femminile"]
[Site "Torino ITA"]
[Date "2006.05.24"]
[Round "4.2"]
[White "Seps, Monika"]
[Black "Zullkafli, Nur Shazwani"]
[Result "1/2-1/2"]
[WhiteElo "2247"]
[BlackElo "2108"]
[Annotator "MAS-SUI"]
[PlyCount "126"]
[EventDate "2006.05.21"]

1. e4 e6 2. d4 d5 3. Nd2 Nf6 4. e5 Nfd7 5. Bd3 c5 6. c3 Nc6 7. Ndf3 cxd4 8.
cxd4 f6 9. exf6 Nxf6 10. Nh3 Bd6 11. O-O Qc7 12. Re1 O-O 13. Nhg5 e5 14. dxe5
Nxe5 15. Bxh7+ Kh8 16. Rxe5 Bxe5 17. Nh4 Bxh2+ 18. Kh1 Nxh7 19. Ng6+ Kg8 20.
Qxd5+ Rf7 21. Nxf7 Qxf7 22. Ne7+ Kf8 23. Qd8+ Qe8 24. Ng6+ Kf7 25. Qxe8+ Kxe8
26. Kxh2 Kf7 27. Ne5+ Kf6 28. Nf3 Be6 29. Be3 a6 30. Kg3 Bd5 31. Rh1 Bxf3 32.
Kxf3 Kg6 33. Rc1 Rf8+ 34. Ke2 Rf7 35. Rc5 Rd7 36. Bf4 Nf6 37. Rc7 Kf5 38. Rxd7
Nxd7 39. Kf3 Nc5 40. g4+ Ke6 41. Be3 Nd3 42. Bd4 g6 43. Ke4 Nb4 44. a3 Nd5 45.
f4 Ne7 46. Be5 Kf7 47. Bd6 Ng8 48. g5 Ke6 49. Bc5 b6 50. Bxb6 Ne7 51. b4 Nf5
52. Bc5 Ng3+ 53. Kd4 Ne2+ 54. Kc4 Nxf4 55. b5 axb5+ 56. Kxb5 Kd7 57. Ka6 Kc7
58. Bd4 Ne6 59. Be5+ Kc6 60. Bf6 Nc5+ 61. Ka7 Kb5 62. Be7 Ne4 63. Kb7 Ka4
1/2-1/2

[Event "XXXVII Olimpiadi femminile"]
[Site "Torino ITA"]
[Date "2006.05.24"]
[Round "4.1"]
[White "Isgandarova, Khayala Ilqar Qizi"]
[Black "Petrenko, Svetlana"]
[Result "0-1"]
[WhiteElo "2104"]
[BlackElo "2334"]
[Annotator "AZE-MDA"]
[PlyCount "101"]
[EventDate "2006.05.21"]

1. e4 c6 2. d4 d5 3. e5 Bf5 4. Be3 e6 5. c4 dxc4 6. Bxc4 Ne7 7. Nc3 Qa5 8. h4
Nd5 9. Bxd5 exd5 10. Nge2 h6 11. Ng3 Bd7 12. f4 Na6 13. a3 Nc7 14. b4 Qa6 15.
f5 O-O-O 16. Qe2 Bxb4 17. Bd2 Qxe2+ 18. Kxe2 Be7 19. a4 b6 20. a5 Kb7 21. Rab1
b5 22. Na2 Na6 23. Rbf1 c5 24. Nh5 b4 25. Rf4 Bb5+ 26. Kf3 g5 27. fxg6 fxg6 28.
Nf6 Bc4 29. Ra1 Bxa2 30. Rxa2 c4 31. Rb2 Kc6 32. Rb1 c3 33. Bc1 Kb5 34. Ke3
Kxa5 35. Kd3 Nc7 36. Rg4 g5 37. hxg5 hxg5 38. Bxg5 Ne6 39. Ra1+ Kb5 40. Rxa7
Bxf6 41. Bxf6 Rdg8 42. Rb7+ Ka4 43. Bg7 Rh7 44. Rg6 Rgxg7 45. Rbxg7 Rxg7 46.
Rxe6 Rg3+ 47. Ke2 c2 48. Kd2 Rxg2+ 49. Kc1 b3 50. Rc6 Rg1+ 51. Kd2 0-1

[Event "XXXVII Olimpiadi femminile"]
[Site "Torino ITA"]
[Date "2006.05.24"]
[Round "4.2"]
[White "Smokina, Karolina"]
[Black "Umudova, Nargiz"]
[Result "1/2-1/2"]
[WhiteElo "2252"]
[BlackElo "2176"]
[Annotator "AZE-MDA"]
[PlyCount "37"]
[EventDate "2006.05.21"]

1. c4 g6 2. Nc3 Bg7 3. g3 e5 4. Bg2 d6 5. d3 f5 6. e4 Nf6 7. Nge2 O-O 8. Nd5 c6
9. Nxf6+ Qxf6 10. O-O Be6 11. exf5 gxf5 12. f4 Nd7 13. Bd2 Rad8 14. Bc3 Qh6 15.
Qd2 Nf6 16. Rad1 Qh5 17. b3 Ng4 18. h3 Nh6 19. Qe3 1/2-1/2

[Event "XXXVII Olimpiadi femminile"]
[Site "Torino ITA"]
[Date "2006.05.24"]
[Round "4.1"]
[White "Milligan, Helen"]
[Black "Ortiz, Nadya Karolina"]
[Result "1/2-1/2"]
[WhiteElo "2053"]
[BlackElo "2184"]
[Annotator "SCO-COL"]
[PlyCount "114"]
[EventDate "2006.05.21"]

1. e4 c5 2. Nf3 e6 3. d4 cxd4 4. Nxd4 a6 5. Bd3 Bc5 6. Nb3 Ba7 7. Qe2 d6 8. Be3
Nc6 9. O-O e5 10. Bxa7 Rxa7 11. Nc3 b5 12. Nd5 Nge7 13. f4 exf4 14. Nxe7 Rxe7
15. c4 b4 16. Rxf4 O-O 17. Re1 a5 18. Qf2 Ne5 19. Be2 Ng6 20. Rf3 Rxe4 21. Bd3
Rxe1+ 22. Qxe1 Ne5 23. Rg3 Nxd3 24. Rxd3 Ba6 25. Nd2 Re8 26. Qf2 h6 27. b3 Bb7
28. Nf3 Qe7 29. h3 Qe6 30. Nd4 Qe1+ 31. Qxe1 Rxe1+ 32. Kf2 Ra1 33. Rd2 Be4 34.
Ke3 d5 35. Nc6 Re1+ 36. Kf2 Rc1 37. Ne7+ Kf8 38. Nxd5 Bxd5 39. cxd5 Ke7 40. Ke3
Kd6 41. Rf2 f6 42. Rd2 g6 43. h4 f5 44. g3 Rc5 45. Kf3 Rxd5 46. Re2 Re5 47.
Rd2+ Rd5 48. Re2 g5 49. hxg5 hxg5 50. Rc2 Rd3+ 51. Kf2 Kd5 52. Re2 Kd4 53. Rc2
Rc3 54. Re2 Kd3 55. Re3+ Kd4 56. Re2 Rc1 57. Kf3 Rc3+ 1/2-1/2

[Event "XXXVII Olimpiadi femminile"]
[Site "Torino ITA"]
[Date "2006.05.24"]
[Round "4.2"]
[White "Franco Valencia, Angela Maria"]
[Black "Giulian, Rosemary A."]
[Result "1-0"]
[WhiteElo "2076"]
[BlackElo "2050"]
[Annotator "SCO-COL"]
[PlyCount "83"]
[EventDate "2006.05.21"]

1. e4 e6 2. d3 d5 3. Nd2 Nf6 4. Ngf3 Be7 5. e5 Nfd7 6. Qe2 c5 7. Nb3 Nc6 8. h4
b6 9. Bf4 Ba6 10. Nbd2 Qc7 11. g3 Nb4 12. Qd1 d4 13. g4 O-O-O 14. Bg3 Bb7 15.
Bg2 Kb8 16. O-O Nc6 17. Qe2 Rdf8 18. a3 Qd8 19. Nc4 Ka8 20. Rab1 h6 21. b4 cxb4
22. axb4 b5 23. Na5 Nxa5 24. bxa5 a6 25. Nxd4 Nb8 26. Bxb7+ Kxb7 27. Qe4+ Qd5
28. Qxd5+ exd5 29. Nf5 Bd8 30. c4 dxc4 31. dxc4 Bxa5 32. cxb5 axb5 33. Rxb5+
Ka6 34. Nd6 Rd8 35. Ra1 Nc6 36. Rc5 Kb6 37. Rxc6+ Kxc6 38. Rxa5 Rd7 39. Kg2 Rb8
40. f4 Rb3 41. Bf2 g6 42. Rc5+ 1-0

[Event "XXXVII Olimpiadi femminile"]
[Site "Torino ITA"]
[Date "2006.05.24"]
[Round "4.1"]
[White "Ptacnikova, Lenka"]
[Black "Bakalarz, Grazyna"]
[Result "1-0"]
[WhiteElo "2183"]
[BlackElo "2068"]
[Annotator "ISL-LUX"]
[PlyCount "91"]
[EventDate "2006.05.21"]

1. e4 c5 2. Nf3 e6 3. d4 cxd4 4. Nxd4 Nf6 5. Nc3 Nc6 6. Ndb5 Bb4 7. a3 Bxc3+ 8.
Nxc3 d5 9. exd5 exd5 10. Bd3 O-O 11. O-O Bg4 12. f3 Qb6+ 13. Kh1 Bh5 14. Bg5
Ne4 15. Nxe4 dxe4 16. Bxe4 Qxb2 17. Qd6 Bg6 18. Rab1 Qc3 19. Bxg6 hxg6 20. Rxb7
Rac8 21. Qd3 Qa5 22. Bd2 Qa4 23. Be3 Rfe8 24. Qd5 Nd8 25. Rxa7 Qxc2 26. Bb6 Qe2
27. Rg1 Ne6 28. a4 Qb2 29. a5 Rf8 30. Rb7 Qe2 31. Rd7 Rc2 32. Qd3 Qxd3 33. Rxd3
Ra2 34. Rgd1 Rc8 35. R3d2 Ra4 36. g3 Ra3 37. Kg2 g5 38. Rf1 Rcc3 39. Rff2 g6
40. Rc2 Rcb3 41. Rb2 Rd3 42. Rfd2 Rxf3 43. a6 g4 44. a7 Kg7 45. Ra2 Rfd3 46.
Re2 1-0